Délmagyarország. - 1916. december 2., Szombat
Elmentve itt :
| Dokumentumtípus: | Újság |
|---|---|
| Megjelent: |
1916-12-02
|
| Sorozat: | Délmagyarország
5 No. 284 |
| Online Access: | http://dmarchiv.bibl.u-szeged.hu/2338 |
| LEADER | 00486nas a2200145 i 4500 | ||
|---|---|---|---|
| 001 | delm2338 | ||
| 005 | 20200414150216.0 | ||
| 008 | 171213s1916 hu n o 0|| hun d | ||
| 022 | |a 0133-025X | ||
| 040 | |a SZTE Délmagyarország Archívum |b hun | ||
| 041 | |a hun | ||
| 245 | 0 | 0 | |a Délmagyarország. - 1916. december 2., Szombat |h [elektronikus dokumentum] |
| 260 | |c 1916-12-02 | ||
| 490 | 0 | |a Délmagyarország |v 5 No. 284 | |
| 856 | 4 | 0 | |u http://dmarchiv.bibl.u-szeged.hu/2338/1/dm_1916_284.pdf |z Dokumentum-elérés |